01015nam a2200217 a 450000100100000000500170001000800410002704000250006808200160009310000390010924000990014824502170024726000400046430000280050450000340053250000330056670000280059970000390062795201140066699900170078000003686320200930080002.0120202s1976 mx a 000 0 spa d aDO-SdBNPbspacBNPHU axxxxbF499e1 aFinkelstein, Joseph,d1926-96322610aEconomists and society; the development of economic thought from Aquinas to KeyneslEspañol.10aEconomistas y sociedad :bel desarrollo del pensamiento económico desde Tomás de Aquino a Keynes /cJoseph Finkelstein y Alfred L. Thimm ; traducción al español de : J. M. Alvarez Florez y Angela Pérez. aMéxico :bLogos Consorcio,c1976. a379 p. :bil. ;c23 cm. aBibliografía : p. [367]-373 aIncluye índice analítico1 aThimm, Alfred L.9632271 aAlvarez Florez, J. M.,etr.911935 001050718MOaGRbGRcCTd2012-02-02iLF1l0oxxxx F499ep36863-10r2020-06-25w2020-06-25y1ZNo se presta c36354d36354